[Event "Titled Tuesday intern op 17th Jan Early"]
[Site "Chess.com INT"]
[Date "2023.01.17"]
[Round "9"]
[White "Gauri, Shankar"]
[Black "Kazancev, Valerij M"]
[Result "1-0"]
[WhiteElo "2307"]
[BlackElo "2313"]
[PlyCount "111"]
[EventDate "2023.01.17"]
[EventType "swiss (blitz)"]
[EventRounds "11"]
[EventCountry "USA"]
[SourceTitle "CBM 212 Extra"]
[Source "ChessBase"]
[SourceDate "2023.03.31"]
[SourceVersion "1"]
[SourceVersionDate "2023.03.31"]
[SourceQuality "1"]

1. d4 g6 2. e4 Bg7 3. Nf3 e6 4. c3 Ne7 5. Bd3 a6 6. h4 h6 7. Nbd2 d5 8. Qe2 Nd7 9. e5 c5 10. Nf1 b5 11. Ng3 b4 12. Be3 bxc3 13. bxc3 Qa5 14. 0-0 c4 15. Bc2 Qxc3 16. Rfb1 Qa3 17. Bd2 Nc6 18. Ne4 0-0 19. Nd6 Rb8 20. h5 c3 21. Bc1 Rb2 22. hxg6 f5 23. exf6 Rxf6 24. Ne8 Qb4 25. Nxf6+ Nxf6 26. a3 Nxd4 27. Nxd4 Qxd4 28. Bxb2 cxb2 29. Ra2 Ng4 30. Raxb2 Bd7 31. Rb8+ Bf8 32. Qf3 Nf6 33. Rd1 Qe5 34. Ra8 Kg7 35. Ra7 Bd6 36. g3 Qb2 37. Qb3 Qxb3 38. Bxb3 Kxg6 39. Rxa6 Be5 40. Bxd5 exd5 41. Rxd5 Bc8 42. Rc6 Bb7 43. Rxe5 Bxc6 44. Re6 Bd5 45. Rd6 Kf5 46. a4 Ke5 47. Rd8 h5 48. a5 Ke6 49. a6 Nd7 50. a7 Nb6 51. Rb8 Na8 52. Rh8 Bf3 53. Kf1 Kf5 54. Rf8+ Kg4 55. Rf4+ Kh3 56. Rxf3 1-0

[Event "Titled Tuesday intern op 17th Jan Early"]
[Site "Chess.com INT"]
[Date "2023.01.17"]
[Round "10"]
[White "Kazancev, Valerij M"]
[Black "Skurikhin, Dmitrij"]
[Result "1-0"]
[WhiteElo "2313"]
[BlackElo "2297"]
[PlyCount "115"]
[EventDate "2023.01.17"]
[EventType "swiss (blitz)"]
[EventRounds "11"]
[EventCountry "USA"]
[SourceTitle "CBM 212 Extra"]
[Source "ChessBase"]
[SourceDate "2023.03.31"]
[SourceVersion "1"]
[SourceVersionDate "2023.03.31"]
[SourceQuality "1"]

1. c4 c6 2. Nf3 d5 3. g3 Nf6 4. Bg2 Bf5 5. 0-0 e6 6. b3 Nbd7 7. Bb2 Be7 8. d3 0-0 9. Nbd2 Bg6 10. a3 a5 11. h3 h6 12. Ra2 b5 13. Qa1 Ne8 14. a4 b4 15. d4 Ndf6 16. Ne5 Qc7 17. Nxg6 fxg6 18. e4 Rd8 19. e5 Nh7 20. c5 g5 21. Qb1 Rf7 22. Qd3 Nf8 23. Bc1 Ra8 24. Re1 Qb7 25. Nf1 Qa6 26. Qb1 g6 27. Ne3 Ng7 28. Bf1 Qb7 29. g4 Bd8 30. Bd3 Kh7 31. Ng2 h5 32. Be3 Qe7 33. Rf1 Rf3 34. Kh2 Qf7 35. Ne1 Rf4 36. f3 Kg8 37. Kg2 Bc7 38. Raf2 Ra7 39. Kg1 Bd8 40. Ng2 Rb7 41. Qc1 Ra7 42. Nxf4 gxf4 43. Bxf4 Be7 44. Rg2 h4 45. Be3 Nd7 46. f4 Ra8 47. Rf3 Rf8 48. Rgf2 Qe8 49. Kg2 Qd8 50. Qc2 Qe8 51. Rf1 Kh7 52. Kh1 Kh6 53. f5+ Kh7 54. f6 Bxf6 55. exf6 Nxf6 56. Rxf6 Rxf6 57. Rxf6 Qf7 58. Rxf7 1-0

[Event "Titled Tuesday intern op 17th Jan Early"]
[Site "Chess.com INT"]
[Date "2023.01.17"]
[Round "5"]
[White "Kazancev, Valerij M"]
[Black "Sovetbekova, Nurai"]
[Result "1-0"]
[WhiteElo "2313"]
[BlackElo "2011"]
[PlyCount "85"]
[EventDate "2023.01.17"]
[EventType "swiss (blitz)"]
[EventRounds "11"]
[EventCountry "USA"]
[SourceTitle "CBM 212 Extra"]
[Source "ChessBase"]
[SourceDate "2023.03.31"]
[SourceVersion "1"]
[SourceVersionDate "2023.03.31"]
[SourceQuality "1"]

1. c4 e5 2. Nc3 Bb4 3. Qb3 Ba5 4. Nf3 Nc6 5. e3 Nf6 6. Be2 0-0 7. 0-0 e4 8. Ne1 Ne5 9. d3 exd3 10. Nxd3 Nxd3 11. Bxd3 d5 12. Nxd5 Nxd5 13. cxd5 Bb6 14. a4 a5 15. Qc2 Qxd5 16. Bxh7+ Kh8 17. Be4 Qh5 18. Ra3 c6 19. Bf3 Qh4 20. g3 Qh3 21. Rb3 Bc7 22. Bg2 Qh5 23. e4 Rd8 24. Be3 Rb8 25. Ba7 Ra8 26. Bb6 Bxb6 27. Rxb6 Rd6 28. Qc3 Bg4 29. Rxb7 Rad8 30. f3 Be6 31. e5 Rd2 32. Rb8 Rxb8 33. Qxd2 Qxe5 34. f4 Qxb2 35. Qxb2 Rxb2 36. Bxc6 Ra2 37. f5 Bc4 38. Rf4 Bb3 39. h4 Kh7 40. g4 g6 41. f6 Kh6 42. g5+ Kh5 43. Bf3# 1-0

[Event "Titled Tuesday intern op 10th Jan Early"]
[Site "Chess.com INT"]
[Date "2023.01.10"]
[Round "2"]
[White "Kazancev, Valerij M"]
[Black "Stead, Kerry"]
[Result "1-0"]
[WhiteElo "2313"]
[BlackElo "1952"]
[PlyCount "79"]
[EventDate "2023.01.10"]
[EventType "swiss (blitz)"]
[EventRounds "11"]
[EventCountry "USA"]
[SourceTitle "EXT 2024"]
[Source "ChessBase"]
[SourceDate "2023.10.10"]
[SourceVersion "1"]
[SourceVersionDate "2023.10.10"]
[SourceQuality "1"]

1. c4 g6 2. h4 Bg7 3. h5 c5 4. Nc3 Nc6 5. d3 e6 6. g3 Nge7 7. h6 Bxc3+ 8. bxc3 Qa5 9. Bd2 d6 10. Bg2 Bd7 11. Rb1 0-0-0 12. Qb3 Qa6 13. Nf3 f6 14. 0-0 Nf5 15. Rb2 Na5 16. Qa3 Bc6 17. Rfb1 g5 18. e4 Nxh6 19. Nxg5 fxg5 20. Bxg5 Nf7 21. Bxd8 Rxd8 22. Bf1 e5 23. Bh3+ Kc7 24. Be6 Ng5 25. Bd5 b6 26. Bxc6 Kxc6 27. Rb5 Qc8 28. Qa4 Kc7 29. Rxa5 bxa5 30. Qxa5+ Kd7 31. Qxa7+ Ke6 32. f4 exf4 33. gxf4 Nh3+ 34. Kg2 Nxf4+ 35. Kf3 Nxd3 36. Qxh7 Rf8+ 37. Ke3 Ne5 38. Rb7 Qe8 39. Qh3+ Kf6 40. Qf5# 1-0

[Event "Titled Tuesday intern op 27th Dec Early"]
[Site "Chess.com INT"]
[Date "2022.12.27"]
[Round "8"]
[White "Gurevich, Dmitry"]
[Black "Kazancev, Valerij M"]
[Result "1-0"]
[WhiteElo "2396"]
[BlackElo "2313"]
[PlyCount "71"]
[EventDate "2022.12.27"]
[EventType "swiss (blitz)"]
[EventRounds "11"]
[EventCountry "USA"]
[SourceTitle "EXT 2024"]
[Source "ChessBase"]
[SourceDate "2023.10.10"]
[SourceVersion "1"]
[SourceVersionDate "2023.10.10"]
[SourceQuality "1"]

1. d4 g6 2. c4 Bg7 3. e4 e6 4. Nc3 Ne7 5. h4 h6 6. Be3 a6 7. Qd2 d6 8. f3 Nd7 9. Bd3 Rb8 10. a4 a5 11. Nge2 c6 12. f4 f5 13. e5 d5 14. cxd5 exd5 15. h5 Nf8 16. hxg6 h5 17. Ng3 h4 18. Nf1 Nfxg6 19. Nh2 Bd7 20. Nf3 b5 21. axb5 cxb5 22. Ng5 b4 23. Na4 Bh6 24. Nc5 Bxg5 25. fxg5 Bb5 26. Bxb5+ Rxb5 27. Qc2 Kf7 28. Rc1 b3 29. Qd3 Rb4 30. 0-0 Qc8 31. Bd2 Qb8 32. Na6 Qb7 33. Bxb4 axb4 34. Rc7 Qb6 35. Qxf5+ Kg7 36. Qf7# 1-0

[Event "Speed Chess Q2"]
[Site "Chess.com INT"]
[Date "2022.11.12"]
[Round "1"]
[White "Kravtsiv, Martyn"]
[Black "Kazancev, Valerij M"]
[Result "1-0"]
[WhiteElo "2598"]
[BlackElo "2313"]
[PlyCount "67"]
[EventDate "2022.11.12"]
[EventType "swiss (blitz)"]
[EventRounds "14"]
[EventCountry "USA"]
[SourceTitle "CBM 211 Extra"]
[Source "ChessBase"]
[SourceDate "2023.01.31"]
[SourceVersion "1"]
[SourceVersionDate "2023.01.31"]
[SourceQuality "1"]

1. e4 c5 2. Nf3 d6 3. Bb5+ Bd7 4. Bxd7+ Nxd7 5. c4 Ngf6 6. Nc3 a6 7. 0-0 g6 8. d4 cxd4 9. Nxd4 Bg7 10. b3 Rc8 11. Bb2 0-0 12. f3 e6 13. Qe2 Qb6 14. Na4 Qa7 15. Kh1 Rfd8 16. Rad1 Nh5 17. Nc2 b5 18. Bxg7 Nxg7 19. Nb2 Ne8 20. Ne3 Qc5 21. f4 Qa3 22. Nd3 Ndf6 23. f5 Nxe4 24. fxe6 f5 25. Nd5 bxc4 26. bxc4 Rxc4 27. e7 Rdc8 28. Qf3 Rd4 29. N3f4 Qxf3 30. gxf3 Rxd1 31. Rxd1 Rc2 32. fxe4 fxe4 33. Ne6 Rxa2 34. Rf1 1-0

[Event "Titled Tuesday intern op 01st Nov Early"]
[Site "Chess.com INT"]
[Date "2022.11.01"]
[Round "1"]
[White "Jaracz, Pawel"]
[Black "Kazancev, Valerij M"]
[Result "1-0"]
[WhiteElo "2461"]
[BlackElo "2313"]
[PlyCount "35"]
[EventDate "2022.11.01"]
[EventType "swiss (blitz)"]
[EventRounds "11"]
[EventCountry "USA"]
[SourceTitle "EXT 2024"]
[Source "ChessBase"]
[SourceDate "2023.10.10"]
[SourceVersion "1"]
[SourceVersionDate "2023.10.10"]
[SourceQuality "1"]

1. d4 Nf6 2. c4 e6 3. g3 d5 4. Bg2 Nbd7 5. Nf3 dxc4 6. 0-0 c6 7. a4 a5 8. Nc3 Bb4 9. Qc2 Ra6 10. Nd2 Bxc3 11. bxc3 b5 12. Ba3 Nd5 13. e4 N5b6 14. axb5 cxb5 15. Rab1 Qg5 16. f4 Qh5 17. Bf3 Qh6 18. Rxb5 1-0

[Event "Titled Tuesday intern op 20th Sep Early"]
[Site "Chess.com INT"]
[Date "2022.09.20"]
[Round "3"]
[White "Kazancev, Valerij M"]
[Black "Sailer, Mike L"]
[Result "1-0"]
[WhiteElo "2313"]
[BlackElo "2109"]
[PlyCount "77"]
[EventDate "2022.09.20"]
[EventType "swiss (blitz)"]
[EventRounds "11"]
[EventCountry "USA"]
[SourceTitle "EXT 2023"]
[Source "ChessBase"]
[SourceDate "2022.10.05"]
[SourceVersion "1"]
[SourceVersionDate "2022.10.05"]
[SourceQuality "1"]

1. c4 c6 2. Nf3 d5 3. g3 Nf6 4. Bg2 g6 5. b3 Bg7 6. 0-0 0-0 7. Bb2 Re8 8. Qc1 Bf5 9. d3 Nbd7 10. h3 h5 11. Nd4 e5 12. Nxf5 gxf5 13. Qg5 f4 14. Nd2 fxg3 15. fxg3 Nh7 16. Qxh5 Ndf6 17. Qf5 d4 18. Ne4 Qe7 19. g4 Qe6 20. Bc1 Qxf5 21. Rxf5 Nxe4 22. Bxe4 Nf8 23. Bd2 Nd7 24. Raf1 f6 25. b4 a5 26. b5 Nc5 27. Bg2 cxb5 28. cxb5 Rac8 29. Bxa5 Ne6 30. Bxb7 Rc2 31. Bc6 Re7 32. Bb4 Ra7 33. Bd5 Kf7 34. g5 Raxa2 35. Rxf6+ Bxf6 36. Rxf6+ Kg7 37. Rxe6 Rxe2 38. Rf6 e4 39. Bxa2 1-0

[Event "Titled Tuesday intern op 13th Sep Early"]
[Site "Chess.com INT"]
[Date "2022.09.13"]
[Round "4"]
[White "Halkias, Stelios"]
[Black "Kazancev, Valerij M"]
[Result "1-0"]
[WhiteElo "2506"]
[BlackElo "2313"]
[PlyCount "89"]
[EventDate "2022.09.13"]
[EventType "swiss (blitz)"]
[EventRounds "11"]
[EventCountry "USA"]
[SourceTitle "EXT 2023"]
[Source "ChessBase"]
[SourceDate "2022.10.05"]
[SourceVersion "1"]
[SourceVersionDate "2022.10.05"]
[SourceQuality "1"]

1. Nf3 c5 2. c4 Nc6 3. Nc3 g6 4. e3 Bg7 5. d4 Nf6 6. d5 Na5 7. Be2 d6 8. 0-0 0-0 9. e4 Bg4 10. Nd2 Bxe2 11. Qxe2 a6 12. Rb1 Rb8 13. a3 Nd7 14. Nd1 b5 15. cxb5 Rxb5 16. b4 cxb4 17. axb4 Nb7 18. Bb2 Bxb2 19. Rxb2 Qb6 20. Nc4 Qd4 21. Rd2 Qf6 22. Rb2 Rb8 23. Nde3 Qd4 24. Qc2 a5 25. Rd1 Qa7 26. Ra1 Qd4 27. Rd1 Qf6 28. bxa5 Nxa5 29. Rxb5 Rxb5 30. Nxa5 Rxa5 31. Qc7 Ra2 32. Ng4 Qd4 33. Rf1 Ra1 34. Ne3 Ra7 35. Qd8+ Nf8 36. h3 Qxe4 37. Rc1 Qe5 38. Ng4 Qg7 39. Re1 e5 40. dxe6 fxe6 41. Qxd6 Ra1 42. Rxa1 Qxa1+ 43. Kh2 Kg7 44. Qe7+ Kg8 45. Nf6+ 1-0

[Event "Titled Tuesday intern op 13th Sep Early"]
[Site "Chess.com INT"]
[Date "2022.09.13"]
[Round "5"]
[White "Kazancev, Valerij M"]
[Black "Martin Carmona, Gaston Manuel"]
[Result "0-1"]
[WhiteElo "2313"]
[BlackElo "2315"]
[PlyCount "92"]
[EventDate "2022.09.13"]
[EventType "swiss (blitz)"]
[EventRounds "11"]
[EventCountry "USA"]
[SourceTitle "EXT 2023"]
[Source "ChessBase"]
[SourceDate "2022.10.05"]
[SourceVersion "1"]
[SourceVersionDate "2022.10.05"]
[SourceQuality "1"]

1. c4 Nf6 2. Nc3 g6 3. g3 Bg7 4. Bg2 c5 5. a3 0-0 6. Rb1 a5 7. d3 Nc6 8. Bd2 d6 9. Nf3 Bg4 10. h3 Bd7 11. 0-0 e5 12. Ne1 Be6 13. Nd5 Bxd5 14. cxd5 Ne7 15. e4 Nd7 16. a4 f5 17. Nc2 f4 18. h4 Qe8 19. Na3 Nb6 20. Nb5 Qd7 21. b3 h6 22. Kh2 Kh7 23. Bh3 Qd8 24. h5 g5 25. Be6 Rf6 26. Qg4 Bf8 27. gxf4 Rxf4 28. Bxf4 exf4 29. d4 cxd4 30. Nxd4 Bg7 31. Nf5 Be5 32. Kg2 Ng8 33. Bxg8+ Qxg8 34. Rfc1 Qf7 35. Rc2 Rd8 36. Rbc1 Rd7 37. Kf3 Nxd5 38. exd5 Qxd5+ 39. Ke2 Qxb3 40. Nxh6 f3+ 41. Kf1 Rg7 42. Nf5 Qd3+ 43. Kg1 Rf7 44. Rc7 Rxc7 45. Rxc7+ Kh8 46. Qxg5 Qd1# 0-1

[Event "Titled Tuesday intern op 13th Sep Early"]
[Site "Chess.com INT"]
[Date "2022.09.13"]
[Round "9"]
[White "Kazancev, Valerij M"]
[Black "Shapiro, Daniel E"]
[Result "1-0"]
[WhiteElo "2313"]
[BlackElo "2284"]
[PlyCount "63"]
[EventDate "2022.09.13"]
[EventType "swiss (blitz)"]
[EventRounds "11"]
[EventCountry "USA"]
[SourceTitle "EXT 2023"]
[Source "ChessBase"]
[SourceDate "2022.10.05"]
[SourceVersion "1"]
[SourceVersionDate "2022.10.05"]
[SourceQuality "1"]

1. c4 e5 2. g3 Nf6 3. Bg2 d5 4. cxd5 Nxd5 5. Nf3 Nc6 6. 0-0 g6 7. Nc3 Nde7 8. Rb1 Bg7 9. b4 0-0 10. b5 Nd4 11. Ne1 c6 12. a4 Bf5 13. d3 Nd5 14. Nxd5 cxd5 15. e3 Ne6 16. g4 Nc5 17. gxf5 Re8 18. Ba3 Rc8 19. fxg6 hxg6 20. Rc1 b6 21. Bxc5 bxc5 22. Qb3 e4 23. dxe4 dxe4 24. Rc4 Qh4 25. Qc2 Be5 26. f4 Bd6 27. Rxe4 Kg7 28. Nf3 Qf6 29. Ng5 Rh8 30. h3 Rh4 31. Qc4 Rch8 32. Rd1 1-0

[Event "Titled Tuesday intern op 13th Sep Early"]
[Site "Chess.com INT"]
[Date "2022.09.13"]
[Round "2"]
[White "Kazancev, Valerij M"]
[Black "Vargas, Mauricio"]
[Result "1-0"]
[WhiteElo "2313"]
[BlackElo "2125"]
[PlyCount "109"]
[EventDate "2022.09.13"]
[EventType "swiss (blitz)"]
[EventRounds "11"]
[EventCountry "USA"]
[SourceTitle "EXT 2023"]
[Source "ChessBase"]
[SourceDate "2022.10.05"]
[SourceVersion "1"]
[SourceVersionDate "2022.10.05"]
[SourceQuality "1"]

1. c4 e5 2. Nc3 Nf6 3. g3 d5 4. cxd5 Nxd5 5. Bg2 Nb6 6. Nf3 Nc6 7. 0-0 Be7 8. a4 0-0 9. a5 Nc4 10. a6 Rb8 11. d3 Nd6 12. axb7 Bxb7 13. Nd5 a6 14. Nxe7+ Qxe7 15. Bg5 f6 16. Be3 Kh8 17. Bc5 Qd7 18. Qa4 Rfd8 19. Rfc1 Nb5 20. b4 h6 21. Ra2 Qe6 22. Nh4 g5 23. Nf3 Kg7 24. h4 g4 25. Nd2 Ncd4 26. Ne4 Bd5 27. Rb2 Ra8 28. Bxd4 exd4 29. Qa5 c6 30. Nc5 Qd6 31. Bxd5 Qxd5 32. Nxa6 Nc3 33. Qxd5 Rxd5 34. Nc7 Re5 35. Nxa8 Nxe2+ 36. Rxe2 Rxe2 37. Rxc6 Rd2 38. Rc7+ Kg6 39. b5 Rxd3 40. b6 Rb3 41. Rd7 d3 42. Kg2 d2 43. Rxd2 Ra3 44. Rd8 Rb3 45. Rb8 Kf7 46. Nc7 Ke7 47. Na6 Kd7 48. b7 Kc6 49. Rc8+ Kxb7 50. Rb8+ Kxa6 51. Rxb3 f5 52. Kf1 f4 53. gxf4 h5 54. Kg2 g3 55. Kxg3 1-0

[Event "Titled Tuesday intern op 06th Sep Early"]
[Site "Chess.com INT"]
[Date "2022.09.06"]
[Round "10"]
[White "Fiorito, Francisco"]
[Black "Kazancev, Valerij M"]
[Result "1-0"]
[WhiteElo "2291"]
[BlackElo "2313"]
[PlyCount "43"]
[EventDate "2022.09.06"]
[EventType "swiss (blitz)"]
[EventRounds "11"]
[EventCountry "USA"]
[SourceTitle "EXT 2023"]
[Source "ChessBase"]
[SourceDate "2022.10.05"]
[SourceVersion "1"]
[SourceVersionDate "2022.10.05"]
[SourceQuality "1"]

1. e4 c5 2. Nf3 d6 3. d4 cxd4 4. Nxd4 Nf6 5. Nc3 a6 6. Be2 b5 7. a3 Bb7 8. Bf3 Nbd7 9. 0-0 Rc8 10. Re1 Ne5 11. Be2 Rxc3 12. bxc3 Nxe4 13. Bb2 Qc8 14. a4 bxa4 15. Rxa4 e6 16. Bxa6 Bxa6 17. Rxa6 Qxa6 18. Rxe4 Be7 19. Nb3 0-0 20. c4 Nxc4 21. Bxg7 f5 22. Bxf8 1-0

[Event "Titled Tuesday intern op 06th Sep Early"]
[Site "Chess.com INT"]
[Date "2022.09.06"]
[Round "9"]
[White "Kazancev, Valerij M"]
[Black "Balkum, Alexander"]
[Result "1-0"]
[WhiteElo "2313"]
[BlackElo "2107"]
[PlyCount "65"]
[EventDate "2022.09.06"]
[EventType "swiss (blitz)"]
[EventRounds "11"]
[EventCountry "USA"]
[SourceTitle "EXT 2023"]
[Source "ChessBase"]
[SourceDate "2022.10.05"]
[SourceVersion "1"]
[SourceVersionDate "2022.10.05"]
[SourceQuality "1"]

1. c4 Nf6 2. Nf3 g6 3. g3 Bg7 4. Bg2 0-0 5. 0-0 d6 6. b3 e5 7. Bb2 c6 8. Nc3 Re8 9. e4 Na6 10. h3 Nc5 11. d3 a5 12. Rb1 h6 13. Re1 Be6 14. d4 exd4 15. Nxd4 Qd7 16. Kh2 Rad8 17. f4 Qc7 18. Nxe6 Rxe6 19. Qc2 Rde8 20. Re2 Nh7 21. Rbe1 g5 22. f5 R6e7 23. Bf3 Be5 24. Kg2 Nf6 25. g4 Kf8 26. Bc1 d5 27. exd5 Bh2 28. Kh1 cxd5 29. Nxd5 Nxd5 30. Bxd5 Qg3 31. Rxe7 Rxe7 32. Rxe7 Kxe7 33. Qxh2 1-0

[Event "Titled Tuesday intern op 06th Sep Early"]
[Site "Chess.com INT"]
[Date "2022.09.06"]
[Round "3"]
[White "Kazancev, Valerij M"]
[Black "Weetik, Vjacheslav"]
[Result "0-1"]
[WhiteElo "2313"]
[BlackElo "2423"]
[PlyCount "82"]
[EventDate "2022.09.06"]
[EventType "swiss (blitz)"]
[EventRounds "11"]
[EventCountry "USA"]
[SourceTitle "EXT 2023"]
[Source "ChessBase"]
[SourceDate "2022.10.05"]
[SourceVersion "1"]
[SourceVersionDate "2022.10.05"]
[SourceQuality "1"]

1. c4 c6 2. Nf3 d5 3. g3 Nf6 4. Bg2 Bf5 5. b3 Nbd7 6. Bb2 e6 7. 0-0 h6 8. d3 Be7 9. Nbd2 0-0 10. a3 a5 11. Ra2 Re8 12. Qa1 Bh7 13. Bc3 Bd6 14. d4 Ne4 15. Nxe4 Bxe4 16. Rd1 a4 17. b4 dxc4 18. Nd2 Bxg2 19. Kxg2 b5 20. e4 Bf8 21. Nf1 f5 22. d5 cxd5 23. exd5 e5 24. Ne3 Qg5 25. h4 Qf6 26. Qb1 g6 27. h5 Qg5 28. hxg6 e4 29. Rh1 f4 30. Nf1 e3 31. Qd1 Qxg6 32. Rh4 Bd6 33. Rg4 Nf8 34. Rxg6+ Nxg6 35. Qh5 Kh7 36. fxe3 fxe3 37. Re2 Rg8 38. Qf5 Raf8 39. Qc2 h5 40. Rxe3 Kh6 41. Qd2 Bf4 0-1

[Event "Titled Tuesday intern op 06th Sep Early"]
[Site "Chess.com INT"]
[Date "2022.09.06"]
[Round "4"]
[White "Yang, Ray"]
[Black "Kazancev, Valerij M"]
[Result "1-0"]
[WhiteElo "2082"]
[BlackElo "2313"]
[PlyCount "95"]
[EventDate "2022.09.06"]
[EventType "swiss (blitz)"]
[EventRounds "11"]
[EventCountry "USA"]
[SourceTitle "EXT 2023"]
[Source "ChessBase"]
[SourceDate "2022.10.05"]
[SourceVersion "1"]
[SourceVersionDate "2022.10.05"]
[SourceQuality "1"]

1. d4 Nf6 2. c4 g6 3. g3 Bg7 4. Bg2 0-0 5. Nc3 c5 6. d5 a6 7. Nf3 d6 8. 0-0 b5 9. cxb5 axb5 10. Nxb5 Ba6 11. Nc3 Qb6 12. Re1 Nbd7 13. e4 Rfb8 14. a4 Ne8 15. Ra3 Bc4 16. Nd2 Bd3 17. Bf1 Bxf1 18. Rxf1 Nc7 19. Qe2 Qb4 20. Nc4 Nb6 21. Nxb6 Rxb6 22. Rd1 Rb7 23. Qc2 Qc4 24. Bd2 Rab8 25. Rb1 Na6 26. b3 Qd4 27. Nb5 Qf6 28. Bc3 Qf3 29. Bxg7 Kxg7 30. b4 Qf6 31. bxc5 Nxc5 32. Rba1 Nxa4 33. Nxd6 Rb2 34. e5 Qxe5 35. Nc4 Rxc2 36. Nxe5 Nc3 37. Nc6 Rbb2 38. Nd4 Ne2+ 39. Nxe2 Rxe2 40. Rf3 Rbd2 41. Ra5 Re5 42. Re3 Rxe3 43. fxe3 Kf6 44. e4 h5 45. Ra6+ Ke5 46. Ra7 Kf6 47. Ra6+ Kg7 48. Ra7 1-0

[Event "Titled Tuesday intern op 23rd Aug Early"]
[Site "Chess.com INT"]
[Date "2022.08.23"]
[Round "3"]
[White "Beerdsen, Thomas"]
[Black "Kazancev, Valerij M"]
[Result "1-0"]
[WhiteElo "2513"]
[BlackElo "2313"]
[PlyCount "65"]
[EventDate "2022.08.23"]
[EventType "swiss (blitz)"]
[EventRounds "11"]
[EventCountry "USA"]
[SourceTitle "EXT 2023"]
[Source "ChessBase"]
[SourceDate "2022.10.05"]
[SourceVersion "1"]
[SourceVersionDate "2022.10.05"]
[SourceQuality "1"]

1. e4 c5 2. Nf3 d6 3. d4 cxd4 4. Nxd4 Nf6 5. Nc3 a6 6. a3 b5 7. Rg1 Bb7 8. Qe2 h5 9. Bg5 Nbd7 10. f4 Qb6 11. 0-0-0 Rc8 12. Bxf6 Nxf6 13. Rd3 Rc4 14. Nf3 Nxe4 15. Nd5 Qc5 16. Ne3 e6 17. Nxc4 bxc4 18. Re3 f5 19. c3 Bd5 20. Nd4 Kf7 21. h3 h4 22. Qe1 g6 23. Be2 e5 24. Nc2 exf4 25. Rf3 g5 26. Nd4 Kg6 27. Bd1 Bg7 28. Nxf5 Kxf5 29. Bc2 Re8 30. g3 hxg3 31. Qxg3 Bf6 32. Qg4+ Ke5 33. Re1 1-0

[Event "Titled Tuesday intern op 23rd Aug Early"]
[Site "Chess.com INT"]
[Date "2022.08.23"]
[Round "1"]
[White "Kazancev, Valerij M"]
[Black "Jones, Gawain C B"]
[Result "0-1"]
[WhiteElo "2313"]
[BlackElo "2632"]
[PlyCount "68"]
[EventDate "2022.08.23"]
[EventType "swiss (blitz)"]
[EventRounds "11"]
[EventCountry "USA"]
[SourceTitle "EXT 2023"]
[Source "ChessBase"]
[SourceDate "2022.10.05"]
[SourceVersion "1"]
[SourceVersionDate "2022.10.05"]
[SourceQuality "1"]

1. c4 g6 2. Nc3 Bg7 3. h4 Nf6 4. g3 c6 5. Bg2 d5 6. cxd5 cxd5 7. Qb3 d4 8. Bxb7 Bxb7 9. Qxb7 Nbd7 10. Nd5 0-0 11. Nf3 Rb8 12. Nxf6+ Nxf6 13. Qxa7 d3 14. Qd4 Qxd4 15. Nxd4 Nd5 16. Nc6 Rb6 17. e4 Nf6 18. Nxe7+ Kh8 19. Nd5 Nxd5 20. exd5 Re8+ 21. Kd1 Bd4 22. Re1 Rxe1+ 23. Kxe1 Rb8 24. a4 Re8+ 25. Kf1 Re2 26. Kg1 Rxf2 27. Kh1 Kg7 28. a5 Kf6 29. a6 Ba7 30. b4 Kf5 31. b5 Kg4 32. Ra3 Kh3 33. Kg1 Rf3+ 34. b6 Bxb6+ 0-1

[Event "Titled Tuesday intern op 09th Aug Early"]
[Site "Chess.com INT"]
[Date "2022.08.09"]
[Round "3"]
[White "Kazancev, Valerij M"]
[Black "Avalos Parra, Joao"]
[Result "1-0"]
[WhiteElo "2313"]
[BlackElo "2193"]
[PlyCount "83"]
[EventDate "2022.08.09"]
[EventType "swiss (blitz)"]
[EventRounds "11"]
[EventCountry "USA"]
[SourceTitle "EXT 2023"]
[Source "ChessBase"]
[SourceDate "2022.10.05"]
[SourceVersion "1"]
[SourceVersionDate "2022.10.05"]
[SourceQuality "1"]

1. c4 e6 2. Nf3 Nf6 3. g3 b6 4. Bg2 Bb7 5. 0-0 c5 6. d3 Be7 7. a3 0-0 8. Nc3 d5 9. Rb1 d4 10. Na4 Qc7 11. Bf4 Bd6 12. Bxd6 Qxd6 13. b4 Nbd7 14. bxc5 Nxc5 15. Nxc5 Qxc5 16. Rb5 Qd6 17. Qb3 Bc6 18. Rb4 Nd7 19. Qb2 e5 20. Ng5 Bxg2 21. Kxg2 h6 22. Ne4 Qc6 23. f3 f5 24. Nf2 Rae8 25. a4 Nc5 26. a5 bxa5 27. Rb5 a4 28. Qa3 Rc8 29. Rfb1 Rf7 30. Ra5 Rb7 31. Rxb7 Nxb7 32. Rxe5 Nc5 33. Rxf5 a5 34. Rd5 Nb3 35. Ne4 Re8 36. h4 Rb8 37. Qe7 Rb7 38. Rd8+ Kh7 39. Qf8 Kg6 40. g4 Nc1 41. h5+ Kh7 42. Qh8# 1-0

[Event "Titled Tuesday intern op 09th Aug Early"]
[Site "Chess.com INT"]
[Date "2022.08.09"]
[Round "5"]
[White "Kazancev, Valerij M"]
[Black "Ernst, Sipke"]
[Result "0-1"]
[WhiteElo "2313"]
[BlackElo "2539"]
[PlyCount "56"]
[EventDate "2022.08.09"]
[EventType "swiss (blitz)"]
[EventRounds "11"]
[EventCountry "USA"]
[SourceTitle "EXT 2023"]
[Source "ChessBase"]
[SourceDate "2022.10.05"]
[SourceVersion "1"]
[SourceVersionDate "2022.10.05"]
[SourceQuality "1"]

1. c4 e6 2. Nf3 d5 3. g3 a6 4. Bg2 dxc4 5. a4 Nc6 6. Na3 Na5 7. 0-0 Nf6 8. Qc2 Bxa3 9. Rxa3 0-0 10. d3 cxd3 11. Rxd3 Qe7 12. b4 Nc6 13. Ba3 Nxb4 14. Rb1 c5 15. Bxb4 cxb4 16. a5 Bd7 17. Rd4 Rfc8 18. Qd2 Bb5 19. Rbxb4 e5 20. Rh4 Rd8 21. Qe1 e4 22. Ng5 e3 23. Ne4 exf2+ 24. Qxf2 Rd1+ 25. Bf1 Nd5 26. Rxb5 axb5 27. Qf5 g6 28. Qf2 f5 0-1